Geografía de América por letra - H - Estadísticas

Estadísticas generales
  • Esta prueba ha sido intentada 199 veces
  • La puntuación promedio es 8 de 15
Estadísticas de respuestas
Pista Respuesta % Correcto
Su capital de Tegucigalpa Honduras
94%
Capital caribeña La {Habana}
94%
Una mitad de La Española Haití
92%
Barrio de Los Ángeles que da nombre a una industria cinematográfica Hollywood
92%
Estado estadounidense que se podría decir que no pertenece a América Hawái
91%
Universidad del área de Boston fundada en 1636 Harvard
83%
Bahía enorme de Canadá Hudson
58%
Este gran lago se sitúa entre Canadá y EE. UU. Hurón
54%
Estado mexicano Hidalgo
34%
Capital de Sonora Hermosillo
25%
Provincia dominicana cuyo nombre honra Patria, Minerva y María Teresa Mirabal {Hermanas} Mirabal
20%
Departamento colombiano andino Huila
14%
Uno de los dos departamentos peruanos empezando con la H Huancavelica | Huánuco
11%
Provincia panameña Herrera
6%
La lengua mayense más norteña Huasteco
4%
No se encontraron pruebas coincidentes
Distribución de puntuación
Porcentaje de gente con cada puntuación
Porcentaje por número respondido
Historial de tus puntuaciones
No has intentado esta prueba.